000 00633nam a2200241 a 4500
003 AR-BaBNM
005 20251128203711.0
008 082120s2002 ||||||||||||||000 | spa||
040 _cAR-BaBNM
100 1 _aSolari, Juan Antonio
245 0 0 _aEl Congreso de 1816
_bbreve crónica histórica
250 _a1ª ed.
260 _aBuenos Aires
_bAfirmación
_c1966
300 _a62 p.
650 4 _aHISTORIA
650 4 _aCONGRESO DE TUCUMAN
650 4 _aINDEPENDENCIA ARGENTINA
650 4 _aDECLARACION DE LA INDEPENDENCIA
650 4 _aHISTORIA CONSTITUCIONAL
651 4 _aArgentina
942 _cBK
998 _cEnrique
999 _c4544
_d4544